Quaid-I-Azam Mohammad Ali Jinnah: (Record no. 549529)
[ view plain ]
| 000 -LEADER | |
|---|---|
| fixed length control field | 00488nam a22001337a 4500 |
| 082 ## - DEWEY DECIMAL CLASSIFICATION NUMBER | |
| Classification number | 923.15491 |
| Author Mark | RIA |
| 100 ## - MAIN ENTRY--PERSONAL NAME | |
| Personal name | Riaz Ahmad |
| 9 (RLIN) | 46185 |
| 245 ## - TITLE STATEMENT | |
| Title | Quaid-I-Azam Mohammad Ali Jinnah: |
| Statement of responsibility, etc. | Riaz Ahmad |
| Remainder of title | Second phase of his freedom struggle 1928-1934 |
| 260 ## - PUBLICATION, DISTRIBUTION, ETC. | |
| Place of publication, distribution, etc. | Islamabad, |
| Name of publisher, distributor, etc. | Chair on Quaid-i-Azam and freedom Movement naitonal institute of Pakistan studies, |
| Date of publication, distribution, etc. | 1994. |
| 300 ## - PHYSICAL DESCRIPTION | |
| Extent | 253p.: |
| Other physical details | ill,; |
| Dimensions | 15 cm. |
| 526 ## - STUDY PROGRAM INFORMATION NOTE | |
| Program name | 0 |
| Interest level | 0 |
| Reading level | 0 |
| Title point value | 923_154910000000000_RIA |
| 650 ## - SUBJECT ADDED ENTRY--TOPICAL TERM | |
| Topical term or geographic name entry element | MCE |
| 9 (RLIN) | 379 |
| 942 ## - ADDED ENTRY ELEMENTS (KOHA) | |
| Source of classification or shelving scheme | |
| Koha item type | Book |
| Withdrawn status | Lost status | Source of classification or shelving scheme | Damaged status | Not for loan | Permanent Location | Current Location | Date acquired | Total Checkouts | Full call number | Barcode | Date last seen | Date last checked out | Price effective from | Koha item type |
|---|---|---|---|---|---|---|---|---|---|---|---|---|---|---|
| Military College of Engineering (MCE) | Military College of Engineering (MCE) | 09/29/2014 | 1 | 923.15491 RIA | MCE-43600 | 05/20/2020 | 05/07/2020 | 09/29/2014 | Book |
